Model business letters

Saved in:
Bibliographic Details
Main Author: L Gartside
Format: Book
Language:Undetermined
Published: Paris Pitman 1996
Subjects:
Tags: Add Tag
No Tags, Be the first to tag this record!
Institutions: Trung tâm Học liệu Trường Đại học Cần Thơ
LEADER 00428nam a2200169Ia 4500
001 CTU_28865
008 210402s9999 xx 000 0 und d
082 |a 651.75 
082 |b G244 
100 |a L Gartside 
245 0 |a Model business letters 
245 0 |c L Gartside 
260 |a Paris 
260 |b Pitman 
260 |c 1996 
650 |a commercial corespondance 
980 |a Trung tâm Học liệu Trường Đại học Cần Thơ